[Event "18th Aeroflot Open-A 2020"]
[Site "Moscow"]
[Date "2020.02.22"]
[Round "4.38"]
[White "Nikitenko, Mihail"]
[Black "Grigoriants, Sergey"]
[Result "0-1"]
[WhiteElo "2440"]
[BlackElo "2539"]
[Annotator "TA"]
[PlyCount "91"]
[EventDate "2020.02.19"]
[EventType "swiss"]
[EventCountry "RUS"]
[SourceTitle "playchess.com"]
[Source "ChessBase"]
[SourceQuality "1"]

{[%evp 9,91,10,7,14,16,0,14,-17,-3,-2,-5,-6,9,8,20,6,51,-156,-150,-175,-173,-160,-148,-181,-181,-166,-159,-159,-162,-120,-122,-214,-214,-223,-181,-186,-175,-177,-176,-183,-183,-177,-149,-141,-156,-205,-133,-166,-169,-157,-151,-134,-146,-168,-162,-162,-168,-161,-67,-72,0,-166,-116,-111,-112,-241,-239,-241,0,0,0,-244,-237,-239,-230,-547,-401,-400,-400,-768,-693,-912,-889,-851]} 1. c4 e5 2. g3 Nf6 3. Bg2 c6 4. d4 e4 5. Nc3 d5 6. cxd5 {A20: English Opening: 1...e5.} cxd5 7. Bg5 Nbd7 8. Nh3 {The position is equal.} h6 9. Bxf6 Nxf6 10. O-O {[#]} Bf5 $146 ({Predecessor:} 10... Bd7 11. f3 exf3 12. Rxf3 Be7 13. Nf4 Bc6 14. Nd3 O-O 15. Ne5 Bd6 16. Nxc6 bxc6 {0-1 (48) Weber,T (2406)-Sadler,M (2653) London 2014}) 11. Qb3 Qd7 12. Nf4 {[%cal Rc3d5]} Rd8 13. Rac1 $2 (13. f3 $1 $14 {stays ahead.}) 13... g5 $17 14. Nb5 {Nc7+ is the strong threat.} gxf4 15. Nc7+ Ke7 16. Qb4+ Qd6 17. Qxb7 {Black must now prevent Nxd5+.} Bd7 $1 18. Qxa7 Bg7 19. Rc5 Rb8 20. Qa3 (20. b3 $17) 20... fxg3 $19 21. fxg3 {Black should prevent Rxf6!} Rhc8 22. e3 Rxc7 23. Rxc7 Qxa3 24. bxa3 Kd6 25. Ra7 Be6 {[%mdl 1024] Black has strong compensation.} 26. h3 h5 $1 27. a4 Nd7 28. a5 {[#]} Bh6 $1 {[%cal Rh6e3]} 29. Re1 Rb2 30. a4 Ra2 31. Bf1 Rxa4 32. Ra8 Ra3 33. Kf2 Ra2+ (33... Ke7 $19 34. Rh8 Bg7) 34. Re2 $1 $15 {[%cal Re2a2]} Ra3 (34... Ra1 $17) 35. a6 $2 (35. Re1 $1 $11 {and White has nothing to worry.}) 35... Nb6 36. Rh8 Bg7 37. Rd8+ (37. Rh7 $17 {might work better.} Bf6 38. Rb2) 37... Ke7 $19 38. Rg8 Bh6 39. Rh8 Bg7 $36 {[%mdl 2048] Black is pushing.} 40. Rg8 $1 {[%cal Rg8g7] [#]} Kf6 $1 41. Rb2 Nc8 42. g4 $2 (42. Kg2) 42... hxg4 43. hxg4 {intending g5+.} Bh6 44. Bh3 (44. Ke1 $142 Bxe3 45. g5+ Bxg5 46. Rf2+ Bf5 47. Rxf5+ {[%mdl 64] Remove Defender} Kxf5 48. Rxc8) 44... Ne7 45. Rgb8 Bxe3+ {[%mdl 64] Double Attack} 46. Kg2 {Accuracy: White = 52%, Black = 81%.} 0-1

[Event "18th Aeroflot Open-A 2020"]
[Site "Moscow"]
[Date "2020.02.22"]
[Round "4.39"]
[White "Asadli, Vugar"]
[Black "Pogosyan, Stefan"]
[Result "1-0"]
[WhiteElo "2538"]
[BlackElo "2455"]
[Annotator "TA"]
[PlyCount "123"]
[EventDate "2020.02.19"]
[EventType "swiss"]
[EventCountry "RUS"]
[SourceTitle "playchess.com"]
[Source "ChessBase"]
[SourceQuality "1"]

{[%evp 20,123,31,34,46,48,47,48,46,37,50,49,60,43,83,85,244,235,227,238,251,241,239,236,276,267,267,245,220,196,210,214,201,213,206,211,208,197,202,188,192,170,220,213,416,241,218,235,181,166,197,44,51,9,9,0,3,0,0,0,161,160,163,162,179,163,151,133,404,374,638,0,0,0,0,0,0,0,17,0,0,0,0,0,0,-54,-52,-147,-64,-212,0,-475,0,-331,1653,1461,7597,2367,7708,5728,29970,29970,29972,29970,29969,29970]} 1. c4 e5 2. Nc3 Nf6 3. Nf3 Nc6 4. e3 Bb4 5. Qc2 O-O 6. Nd5 Re8 7. Qf5 d6 8. Nxf6+ Qxf6 9. Qxf6 gxf6 10. a3 Bc5 11. b4 Bb6 {A28: English Opening: Four Knights Variation.} 12. Bb2 a5 13. b5 Ne7 {White is slightly better.} 14. d4 Ng6 {[#]} 15. Be2 $5 $146 {[%mdl 8] New and interesting.} ({Predecessor:} 15. a4 Bg4 16. O-O-O exd4 17. Bxd4 Bxd4 18. Rxd4 Bxf3 19. gxf3 b6 20. f4 Ne7 21. Bg2 {1-0 (34) Grischuk,A (2785)-Giri,A (2737) Elancourt 2013}) 15... Bg4 16. Rd1 f5 17. h3 $36 {[%mdl 2048] White has strong initiative.} Bh5 $2 (17... Bxf3 $16 18. Bxf3 e4) 18. g4 $1 $18 {[%cal Rg4h5]} fxg4 19. Ng5 Nf8 20. c5 $1 {[%cal Rc5b6]} (20. Bxg4 Bxg4 21. hxg4 exd4 $14) (20. hxg4 $6 Bg6 $16) 20... dxc5 21. Ne4 (21. dxe5 $6 Bg6) 21... Nd7 22. dxc5 Bg6 23. cxb6 ({Weaker is} 23. Rxd7 Bxe4 24. cxb6 Bxh1 $16) 23... Bxe4 {[#]} 24. f3 $1 {[%mdl 512]} gxf3 (24... Bxf3 25. Bxf3) 25. Rg1+ Kf8 26. Rxd7 Bf5 27. Rxc7 fxe2 28. a4 $1 {White wants to mate with Ba3+.} Bg6 29. Ba3+ Kg7 30. Be7 ({Much less strong is} 30. Kxe2 $6 Rab8 $16) 30... f6 {intending ...Kf7.} 31. Rxb7 ({Don't play} 31. Kxe2 $6 Kf7) 31... Rab8 $2 (31... Kf7) 32. Ra7 (32. Rc7 $142) 32... Kh6 33. Bc5 Red8 {...Rd1+ is the strong threat.} 34. Rxg6+ Kxg6 35. Kxe2 $2 {[%mdl 4096] Endgame KRR-KRB} ({White has to play} 35. Rc7 $1 $18) 35... Kf5 $14 36. Rc7 {[%mdl 1024] Strongly threatening b7. White has compensation.} Ke6 $1 37. e4 {[%csl Gc5][%cal Rc7e7]} Rd7 38. Rc6+ Kf7 39. Be3 h5 $2 (39... Rg8 $11) 40. Rc7 $18 Ke6 41. Ra7 $1 Rc8 42. b7 Rb8 43. Ra6+ Kf7 $2 {[%mdl 8192]} (43... Ke7 $16) 44. Rxa5 Rdxb7 $2 (44... Rbxb7 45. b6 Rd8) 45. Ra6 $2 ({Only move:} 45. Ra7 $18 {Black must now prevent Rxb7+.} Ke6 46. Ra6+ Kf7 47. Kd3) 45... Rd7 $11 46. Rc6 Ra8 47. Rc4 Ke6 48. Bb6 f5 {With the idea ...fxe4.} 49. Rc6+ Kf7 50. a5 fxe4 51. a6 Rd3 {aiming for ...Rb3.} 52. Be3 (52. a7 $11 Rb3 53. Bc5) 52... Rb3 $15 53. Rb6 ({White should try} 53. Rc5 $1 $15) 53... Rb2+ (53... Rg8 $1 $17 {[%cal Rg8g2]} 54. Bf2 Rb2+ 55. Ke3 Rg2 56. Kxe4 Rbxf2) 54. Kd1 (54. Ke1 $15) 54... Rb3 $2 (54... Rd8+ $1 $19 55. Kc1 Ra2 56. Rb7+ Ke6) 55. Bc5 $2 {[%mdl 8192]} (55. Ke2 $1 $11 {and White stays safe.}) 55... Rc3 $2 ({Black should play} 55... Rg8 $1 $19 {[%cal Rg8g2] Threatens to win with ...Rg2.} 56. Rd6 Rxb5 57. Rd7+ Ke6 58. Rd6+ Kf5) 56. Bd6 $2 {[%mdl 8192]} (56. Rc6 $11) 56... Rxh3 $4 {[%mdl 8192] [#]} (56... Rac8 $19 57. Ke2 Rxh3) 57. Rb8 $1 $18 Rxb8 58. Bxb8 Ra3 {[#]} 59. a7 $1 h4 60. b6 {[%cal Bb5b6,Bb6b7][%mdl 32] White mates.} Ke6 61. b7 h3 {[#]} 62. Bxe5 $1 {[%mdl 576] Promotion. What a fight! Accuracy: White = 72%, Black = 49%.} 1-0

[Event "18th Aeroflot Open-A 2020"]
[Site "Moscow"]
[Date "2020.02.22"]
[Round "4.40"]
[White "Moroni, Luca Jr"]
[Black "Soumya, Swaminathan"]
[Result "1-0"]
[WhiteElo "2536"]
[BlackElo "2369"]
[Annotator "TA"]
[PlyCount "111"]
[EventDate "2020.02.19"]
[EventType "swiss"]
[EventCountry "RUS"]
[SourceTitle "playchess.com"]
[Source "ChessBase"]
[SourceQuality "1"]

{[%evp 9,111,8,31,22,56,16,22,16,37,34,32,21,14,18,8,7,7,9,6,12,14,0,37,36,29,11,35,30,45,30,42,36,72,33,19,12,71,71,70,39,37,27,43,49,64,66,64,67,73,75,72,58,72,51,59,39,38,54,54,40,30,39,51,41,33,22,37,38,46,39,39,40,154,152,132,161,156,168,144,139,141,165,150,150,225,205,227,227,360,359,357,352,352,351,390,373,527,494,1481,1085,29963,12835,5314,5307]} 1. c4 c6 2. d4 d5 3. Nf3 Nf6 4. Nc3 e6 5. Qb3 Qb6 6. Qc2 {D43: Semi-Slav: 5 Bg5 h6.} Nbd7 7. e3 Qc7 8. b3 {The position is equal.} Bd6 9. Bb2 b6 10. Bd3 Bb7 11. O-O O-O 12. Rac1 Rac8 13. Qe2 Qb8 14. h3 {[#]} Rfe8 $146 ({Predecessor:} 14... c5 15. cxd5 exd5 16. Nb5 Be7 17. Ne5 a6 18. Na3 cxd4 19. exd4 Rfe8 20. Nc2 b5 21. Ne3 Nf8 {1-0 (35) Shishkin,V (2475)-Pinski,J (2444) Koszalin 1999}) 15. Bb1 c5 16. cxd5 exd5 17. Rfd1 g6 18. Bd3 cxd4 19. Nxd4 Nc5 20. Bb1 Nce4 21. Ndb5 {Black must now prevent Bxe4.} Bh2+ 22. Kh1 Be5 (22... Ng5 $11 {remains equal.}) 23. Nxe4 $16 dxe4 24. Rxc8 Bxc8 25. Nd4 {[#] Strongly threatening Nc6.} Bd7 26. b4 b5 27. a3 Rc8 28. Nb3 Be6 {[#]} 29. Nc5 $1 {[%cal Rc5a6]} Bc4 30. Qd2 Re8 31. Bc3 h5 32. Qb2 Bxc3 33. Qxc3 Qe5 $1 {[%cal Re5c3]} 34. Rd4 Bd5 $1 35. Qd2 Re7 36. Kg1 Kg7 37. Bc2 Rc7 38. Bd1 a5 39. Be2 axb4 40. axb4 Ra7 {Black is on the road to losing.} (40... Bc6 $14) 41. Bxb5 Ra1+ 42. Bf1 Bc6 {Threatens to win with ...Bb5.} 43. Qb2 $36 {[%mdl 2048] Keeping Black busy.} Re1 44. Qc3 Rb1 {aiming for ...Bb5.} 45. Qc2 Ra1 {intending ...Bb5.} 46. Rd1 Rxd1 (46... Ra3 $16 47. Qc1 Ra8) 47. Qxd1 $18 Nd5 48. b5 Nc3 (48... Bxb5 $142 49. Bxb5 Nc7) 49. Nd7 Bxd7 50. Qxd7 {And now b6 would win.} Qc5 51. Qe8 h4 52. Qd8 {b6 is the strong threat.} Qd5 (52... Nd5 {keeps fighting.} 53. Qxh4 f5) 53. Qc7 Qd2 (53... Nxb5 $142 54. Qa5 Kh6 55. Bxb5 Qe5) 54. Bc4 Qe1+ 55. Kh2 Qxf2 56. b6 {Accuracy: White = 92%, Black = 63%.} 1-0

[Event "18th Aeroflot Open-A 2020"]
[Site "Moscow"]
[Date "2020.02.22"]
[Round "4.41"]
[White "Aditya Mittal"]
[Black "Sengupta, Deep"]
[Result "1/2-1/2"]
[WhiteElo "2427"]
[BlackElo "2534"]
[Annotator "TA"]
[PlyCount "88"]
[EventDate "2020.02.19"]
[EventType "swiss"]
[EventCountry "RUS"]
[SourceTitle "playchess.com"]
[Source "ChessBase"]
[SourceQuality "1"]

{[%evp 11,88,52,77,35,77,36,53,46,44,43,41,45,47,39,41,40,38,38,31,25,67,39,63,37,82,84,65,65,85,67,88,97,88,90,84,60,133,58,141,114,147,157,138,102,99,84,147,129,342,287,370,507,506,503,522,481,1217,1217,1160,1205,1186,1113,1529,1668,1482,1001,334,83,82,0,0,0,8,0,0,0,0,0,0]} 1. d4 g6 2. c4 Bg7 3. Nc3 c5 4. d5 d6 5. e4 e6 6. Bd3 Ne7 7. h3 {A43: Schmid Benoni.} a6 8. a4 O-O 9. Nf3 {White is slightly better.} Nd7 10. O-O exd5 11. exd5 Ne5 12. Nxe5 Bxe5 13. Bg5 f6 14. Bd2 Bf5 15. Qf3 Qd7 16. a5 Rae8 17. Rfe1 (17. Rab1 $5) 17... Bxd3 18. Qxd3 g5 19. Rab1 Ng6 20. Ne4 Re7 21. b4 cxb4 22. Bxb4 g4 23. hxg4 Nf4 (23... Rg7 $1 $14) 24. Qd1 (24. Qf3 $16) 24... Rg7 {[#]} (24... f5 $14 25. Ng3 (25. gxf5 Rg7 $11) 25... fxg4) 25. Bd2 $1 $16 Rxg4 26. Bxf4 $1 Rxf4 27. g3 Rg4 28. c5 h5 (28... dxc5 $142 29. Qf3 (29. Nxc5 Qf5 $14) 29... Bd4) 29. Qf3 ({Don't take} 29. cxd6 $6 Qf5 $14) ({Weaker is} 29. Nxd6 Bxg3 30. Kf1 (30. fxg3 $2 Rxg3+ 31. Kf2 Qh3 $19) (30. Nxb7 $2 Bh4+ 31. Kf1 Rf4 $19) 30... Bxd6 $17) 29... Qg7 $2 (29... Rg7 $16) 30. Kg2 $18 ({Not} 30. cxd6 f5 $17) 30... h4 {[#] And now ...f5 would win.} 31. Rxb7 Qg6 32. c6 hxg3 33. fxg3 {Strongly threatening c7.} f5 (33... Rc8 $142) 34. c7 Bxg3 35. Nxg3 f4 36. Qe4 Rxg3+ 37. Kf2 Qxe4 38. Rxe4 {[%mdl 4096] Endgame Rc4 is the strong threat. KRR-KRR} Rc3 39. Re7 $2 (39. Re6 $18 {and White stays clearly on top.} Rc2+ 40. Kf3 Rc3+ 41. Ke4) 39... f3 $16 40. Rg7+ (40. Rb2 $16 {aiming for Rd7.} Rc8 41. Rd7 R3xc7 42. Rxd6) 40... Kh8 $11 {The position is equal.} 41. Rh7+ Kg8 42. c8=Q Rfxc8 43. Rbg7+ Kf8 44. Rf7+ Kg8 $1 {White really could win this. Accuracy: White = 66%, Black = 54%.} 1/2-1/2

[Event "18th Aeroflot Open-A 2020"]
[Site "Moscow"]
[Date "2020.02.22"]
[Round "4.42"]
[White "Kovalevskaya, Ekaterina"]
[Black "Sadhwani, Raunak"]
[Result "0-1"]
[WhiteElo "2407"]
[BlackElo "2522"]
[Annotator "TA"]
[PlyCount "84"]
[EventDate "2020.02.19"]
[EventType "swiss"]
[EventCountry "RUS"]
[SourceTitle "playchess.com"]
[Source "ChessBase"]
[SourceQuality "1"]

{[%evp 17,84,38,53,19,30,13,39,39,42,40,46,51,50,49,49,45,43,0,0,-8,0,-8,-4,-23,-22,-19,-26,-32,-27,-116,-113,-129,-123,-187,-180,-176,-178,-148,-171,-175,-162,-188,-185,-226,-208,-232,-175,-223,-204,-283,-282,-439,-444,-741,-741,-837,-788,-2214,-2231,-2116,-1898,-2043,-1974,-5126,-5081,-6203,-6083,-5126,-5114]} 1. e4 d6 2. d4 Nf6 3. Nc3 g6 4. Nf3 Bg7 5. g3 O-O 6. Bg2 c6 7. O-O Bg4 8. h3 Bxf3 9. Qxf3 Nbd7 10. Be3 {A49: 1 d4 Nf6 2 Nf3 g6 3 g3: Anti-King's Indian systems.} e5 11. Rad1 Qc7 {[#]} 12. dxe5 $146 {White is slightly better.} ({Predecessor:} 12. Qe2 a6 13. Rd2 b5 14. a3 Nb6 15. b3 a5 16. dxe5 dxe5 17. Bc5 Rfd8 18. Rfd1 {0-1 (57) Perez Cristobal,A (1728)-Hernandez Gutierrez,J (1854) Madrid 2012}) 12... Nxe5 13. Qe2 $1 b5 14. b3 {Threatens to win with Qd2.} Rfe8 15. Qd2 Bf8 $1 16. Rfe1 Ned7 17. Bh6 ({Better is} 17. Bf4 $14) 17... Bxh6 $11 18. Qxh6 Re6 19. Ne2 Rae8 20. Nd4 Re5 {[%cal Rf6e4]} 21. Qf4 d5 {[%cal Rd5e4]} 22. Nf3 Nh5 23. Qh6 {Black continues to play with concentration.} (23. Qd2 $11 {keeps the balance.} Rxe4 24. Rxe4 Rxe4 25. Nd4) 23... Rxe4 $17 24. Rxe4 dxe4 25. Ng5 (25. Qe3 $17 {was worth a try.}) 25... Ndf6 $19 {[#] And now ...e3 would win.} 26. Bxe4 Rxe4 ({Worse is} 26... Nxe4 27. Qxh7+ Kf8 28. Qh6+ Kg8 29. Qh7+ Kf8 30. Qh6+ Kg8 31. Qh7+ $11) 27. Nxe4 Nxe4 28. Qe3 Nhf6 29. Kg2 Kg7 30. Re1 b4 31. Qf3 Qe5 32. Re3 a5 33. Qd1 Qc5 34. Qd3 {[#]} (34. Qe2 $142 Nc3 35. Re5) 34... Nxf2 $1 {[%mdl 512] Black is clearly winning.} 35. Kxf2 {[%mdl 4096] Endgame KQR-KQN} (35. Qe2 $142 Nd1 36. Rd3) 35... Nd5 {[%mdl 64] Pin} 36. Kf3 Nxe3 37. Qxe3 Qxe3+ 38. Kxe3 {KP-KP} f5 39. Kd4 Kf6 40. h4 h6 41. c3 g5 42. hxg5+ hxg5 {Accuracy: White = 46%, Black = 93%.} 0-1

[Event "18th Aeroflot Open-A 2020"]
[Site "Moscow"]
[Date "2020.02.23"]
[Round "5.1"]
[White "Mamedov, Rauf"]
[Black "Bharath Subramaniyam H"]
[Result "1-0"]
[WhiteElo "2643"]
[BlackElo "2402"]
[Annotator "TA"]
[PlyCount "97"]
[EventDate "2020.02.19"]
[EventType "swiss"]
[EventCountry "RUS"]
[SourceTitle "playchess.com"]
[Source "ChessBase"]
[SourceQuality "1"]

{[%evp 17,97,12,6,0,15,15,27,10,75,68,77,55,49,42,73,72,75,64,73,31,72,64,77,48,48,48,48,49,50,45,44,52,62,21,28,17,53,49,52,47,47,47,58,39,45,50,77,83,81,69,130,137,133,133,131,131,160,155,312,299,303,302,253,304,387,350,377,364,310,297,560,304,695,695,629,587,5317,5310,5310,5310,5202,5097]} 1. e4 c5 2. Nf3 e6 3. c3 d5 4. exd5 Qxd5 5. d4 Nf6 6. Na3 {[%cal Bb1a3,Ba3b5,Bb5d6][%mdl 32]} Nc6 7. Nb5 Qd8 8. dxc5 Bxc5 9. Qxd8+ Kxd8 10. b4 {B22: Sicilian: 2 c3.} Bb6 11. Nd6 Ke7 12. Nc4 {Strongly threatening b5.White has an edge.} Bc7 (12... Ne4 $11 {keeps the balance.}) 13. b5 $16 Na5 14. Ba3+ Ke8 15. Nd6+ Bxd6 $1 16. Bxd6 b6 17. Bb4 Bb7 18. Ne5 {[#]} Rc8 $146 ({Predecessor:} 18... Rd8 19. Bxa5 bxa5 20. Nc4 a4 21. Na5 Ba8 22. c4 Ne4 23. Be2 Nc5 24. Bf3 Bxf3 25. gxf3 {1-0 (39) Mestrovic,Z (2328)-Savic,M (2314) Senj 2008}) 19. c4 Ne4 20. f3 Nc5 21. Be2 f6 22. Ng4 Kf7 23. Kf2 Ba8 24. Rhd1 Nab7 25. Rd2 Rhd8 26. Rad1 Ke7 27. Rd3 Nd6 28. Ra3 Rd7 29. Ne3 Rcc7 30. Nc2 e5 31. Na1 Ke6 32. Nb3 Nxb3 33. axb3 ({Much worse is} 33. Rxb3 Nxc4 34. Rxd7 Kxd7 $11) 33... e4 (33... Nf5 $14) 34. Ra2 exf3 35. gxf3 ({Of course not} 35. Bxf3 $6 Bxf3 36. gxf3 (36. Kxf3 Nxc4 {[%mdl 64] Discovered Attack} 37. Rxd7 Ne5+ {[%mdl 64] Double Attack} 38. Ke2 Rxd7 $17) 36... Nf5 $11) 35... Nf5 36. Rxd7 Rxd7 37. c5 Bd5 $2 {This costs Black the game.} (37... bxc5 $16 {was worth a try.} 38. Bxc5 Bd5) 38. c6 Rc7 39. Bc4 Bxc4 40. bxc4 $18 {[%mdl 4096] Endgame KRB-KRN} h5 41. Re2+ Kf7 42. Rd2 {Rd7+ is the strong threat.} Ke8 43. Rd1 a6 $2 (43... h4 44. Ke2 a6 45. bxa6 Ra7) 44. bxa6 {[%cal Bb5a6,Ba6a7][%mdl 32]} Rxc6 $2 (44... Ra7 45. c5 bxc5 46. Bxc5 Rxa6) 45. a7 {White is clearly winning.} Rc8 {[#] intending ...Ra8.} 46. c5 $1 {[%mdl 512]} b5 (46... bxc5 47. Bxc5) 47. Ba5 Ke7 {[#]} 48. Rd8 $1 {[%mdl 576] Promotion} Rxd8 49. Bxd8+ {Accuracy: White = 85%, Black = 53%.} 1-0

[Event "18th Aeroflot Open-A 2020"]
[Site "Moscow"]
[Date "2020.02.23"]
[Round "5.2"]
[White "Aleksandrov, Aleksej"]
[Black "Adhiban, B.."]
[Result "1/2-1/2"]
[WhiteElo "2592"]
[BlackElo "2654"]
[Annotator "TA"]
[PlyCount "25"]
[EventDate "2020.02.19"]
[EventType "swiss"]
[EventCountry "RUS"]
[SourceTitle "playchess.com"]
[Source "ChessBase"]
[SourceQuality "1"]

{[%evp 13,25,24,31,17,26,10,17,9,27,4,13,11,7,12]} 1. d4 d5 2. c4 e6 3. Nf3 c6 4. e3 Nd7 5. Bd3 Ngf6 6. O-O dxc4 7. Bxc4 Bd6 8. Nbd2 {D30: Queen's Gambit Declined: Systems without Nc3.} O-O 9. Be2 c5 10. Nc4 Bc7 11. b3 b6 {[#]} 12. Bb2 $146 ({Predecessor:} 12. a4 Bb7 13. Ba3 Ne4 14. Rc1 Qf6 15. Ncd2 Rac8 16. Nxe4 Bxe4 17. Nd2 Bb7 18. Bf3 {0-1 (110) Kozul,Z (2612)-Adhiban,B (2682) Zagreb 2018}) 12... Bb7 13. Rc1 {An uneventful encounter.} 1/2-1/2

[Event "18th Aeroflot Open-A 2020"]
[Site "Moscow"]
[Date "2020.02.23"]
[Round "5.3"]
[White "Petrosyan, Manuel"]
[Black "Sethuraman, S.P."]
[Result "1-0"]
[WhiteElo "2590"]
[BlackElo "2641"]
[Annotator "TA"]
[PlyCount "81"]
[EventDate "2020.02.19"]
[EventType "swiss"]
[EventCountry "RUS"]
[SourceTitle "playchess.com"]
[Source "ChessBase"]
[SourceQuality "1"]

{[%evp 9,81,-5,33,33,34,28,41,36,35,7,26,11,35,29,25,26,89,80,89,84,93,87,93,95,141,81,96,51,55,54,188,193,184,115,120,143,120,68,159,191,195,183,191,192,176,147,136,140,226,216,281,285,281,274,275,2,3,7,50,43,50,46,77,7,256,256,256,237,237,237,280,280,486,463]} 1. c4 e6 2. Nc3 d5 3. d4 c6 4. e3 Nf6 5. b3 g6 6. Bd3 {D31: Queen's Gambit Declined: Semi-Slav without ...Nf6 (+ Marshall Gambit and Noteboom) and Exchange Variation lines without ...Nf6.} Bg7 7. Ba3 {[#]} Qa5 $146 ({Predecessor:} 7... Qc7 8. Nf3 Nbd7 9. O-O c5 10. Na4 b6 11. dxc5 Nxc5 12. Nxc5 bxc5 13. Bb2 O-O {1-0 (47) Milasius,T-Vaitkus,M (1225) Klaipeda 2015}) 8. Qc1 {White is slightly better.} Na6 9. Nge2 dxc4 10. bxc4 ({Don't play} 10. Bxc4 b5 $17) 10... c5 11. O-O O-O 12. Nb5 Nb4 (12... Bd7 $11) 13. Bxb4 $1 $16 cxb4 14. a3 Bd7 15. axb4 Qxb4 16. Nxa7 e5 17. c5 ({Of course not} 17. dxe5 $6 Ng4 $15) (17. Rb1 $142 $1 {[%cal Rb1b4]} Qa5 18. Nb5) 17... exd4 18. exd4 Nd5 $1 19. Bc4 Be6 (19... Bh6 $14 20. Qc2 Bf5) 20. Rb1 $1 $18 {[%cal Rb1b4]} Qa4 21. Nb5 (21. Bxd5 $1 $18 Bxd5 22. Nb5) 21... Nf4 $16 22. Qxf4 Qxc4 23. Nec3 (23. Rfe1 $16) 23... Rad8 (23... Bf5 $14) 24. Rfd1 Bd7 25. h3 Bc6 {[#]} 26. Qd2 $1 Be5 27. Qd3 Qxd3 28. Rxd3 Bb8 (28... Bxb5 $16 29. Nxb5 Rd5) 29. d5 Rfe8 30. Rdd1 Bd7 31. d6 Re5 {[#]} 32. Nd5 $2 ({Only move:} 32. Rd5 $1 $18 {[%cal Rd5e5]} Rxd5 33. Nxd5) 32... Bc6 $11 33. Ne7+ Kg7 {And now ...Bxb5 would win.} 34. Nxc6 bxc6 35. Nc7 $36 {[%mdl 2048] White fights for an advantage.} Ba7 36. Rb6 (36. Na6 $16) 36... Kf6 $2 (36... Bxb6 $11 {and Black stays safe.} 37. cxb6 Ra5) 37. Rxc6 $18 {Hoping for Na6.} Rxc5 38. Ra6 Bb8 {[#]} 39. Ne8+ $1 {[%mdl 512]} Ke6 (39... Rxe8 40. d7+) 40. Re1+ Re5 $2 (40... Kf5 41. Re7 Rc1+ 42. Kh2 Kg5) 41. Nc7+ {Accuracy: White = 73%, Black = 54%.} 1-0

[Event "18th Aeroflot Open-A 2020"]
[Site "Moscow"]
[Date "2020.02.23"]
[Round "5.4"]
[White "Riazantsev, Alexander"]
[Black "Smirin, Ilia"]
[Result "1/2-1/2"]
[WhiteElo "2639"]
[BlackElo "2615"]
[Annotator "TA"]
[PlyCount "59"]
[EventDate "2020.02.19"]
[EventType "swiss"]
[EventCountry "RUS"]
[SourceTitle "playchess.com"]
[Source "ChessBase"]
[SourceQuality "1"]

{[%evp 13,59,41,57,57,57,55,75,0,57,57,58,57,80,64,75,72,75,66,72,71,105,93,93,87,96,100,98,97,83,66,72,72,73,61,71,65,73,50,73,68,101,71,83,81,66,49,75,46]} 1. d4 Nf6 2. c4 g6 3. Nc3 Bg7 4. e4 d6 5. Be2 O-O 6. Be3 e5 7. d5 Na6 8. g4 {E73: King's Indian: Averbakh Variation without 6...c5.} Nc5 9. f3 $1 h5 10. h4 ({White should try} 10. g5 $16) 10... a5 ({Better is} 10... hxg4 $11 11. Bxc5 gxf3 12. Bxf3 dxc5) 11. g5 $14 Nfd7 12. Nh3 Nb6 13. Qd2 a4 14. Nf2 Bd7 15. O-O-O {[#]} Qe7 $146 ({Predecessor:} 15... Nc8 16. Kb1 Qe7 17. Rhg1 Re8 18. Bf1 Rd8 19. Rg3 Rb8 20. Qc2 Nb6 21. Be2 Ra8 {1-0 (56) Halvax,G (2424)-Schiestl,J (2118) Austria 2019}) 16. Nb5 Qd8 17. Kb1 Re8 18. Na3 Bf8 19. Rc1 c6 20. Rhd1 Qc7 21. Qb4 Bc8 22. Bf1 Nbd7 23. Qd2 Rd8 24. Bh3 Rb8 25. Qe1 Nb6 26. Bf1 Bd7 27. Be2 Be8 28. Rc2 Nbd7 29. Bf1 Ra8 30. Qb4 {Accuracy: White = 87%, Black = 80%.} 1/2-1/2

[Event "18th Aeroflot Open-A 2020"]
[Site "Moscow"]
[Date "2020.02.23"]
[Round "5.5"]
[White "Paravyan, David"]
[Black "Yilmaz, Mustafa"]
[Result "1/2-1/2"]
[WhiteElo "2629"]
[BlackElo "2607"]
[Annotator "TA"]
[PlyCount "35"]
[EventDate "2020.02.19"]
[EventType "swiss"]
[EventCountry "RUS"]
[SourceTitle "playchess.com"]
[Source "ChessBase"]
[SourceQuality "1"]

{[%evp 10,35,27,6,27,8,22,14,23,-2,8,0,0,-43,-35,-31,-23,-33,1,-87,-28,-24,-11,-18,-24,-33,-27,-28]} 1. e4 c5 2. Nf3 d6 3. d4 cxd4 4. Nxd4 Nf6 5. Nc3 a6 6. Nb3 e6 {B90: Sicilian Najdorf: Unusual White 6th moves, 6 Be3 Ng4 and 6 Be3 e5.} 7. g4 b5 8. a3 Bb7 {The position is equal.} 9. Qe2 Nc6 {[%cal Bb8c6,Bc6e5,Be5c4][%mdl 32] [#]} 10. Bf4 $146 ({Predecessor:} 10. Bg2 Be7 11. O-O Rc8 12. g5 Nd7 13. f4 Nc5 14. Be3 Nxb3 15. cxb3 O-O 16. Rad1 {1-0 (58) Annaberdiev,M (2446)-Bubalovic,D (2268) Skopje 2015}) 10... Rc8 11. Bg2 Nd7 12. O-O-O Nce5 13. Kb1 Nc4 14. g5 (14. Na2 $11 {remains equal.}) 14... e5 (14... Nxa3+ $1 $17 15. bxa3 Rxc3) 15. Bd2 $11 Ndb6 16. Bh3 Rc7 17. Rhg1 Be7 18. Rg3 {Accuracy: White = 77%, Black = 91%.} 1/2-1/2